Národohospodárske efekty podpory vedy a vzdelávania bakalárska práca

Salvato in:
Dettagli Bibliografici
Autore principale: Dobrocký, Andrej
Ente Autore: Národohospodárska fakulta EU. Katedra hospodárskej politiky
Altri autori: Havettová, Miroslava
Natura: Libro
Lingua:slovacco
Pubblicazione: Bratislava 2013
Tags: Aggiungi Tag
Nessun Tag, puoi essere il primo ad aggiungerne!!

MARC

LEADER 00000nbm a2200000 4500
001 0172588
005 20161109112103.7
041 0 |a slo 
044 |a SK 
245 1 0 |a Národohospodárske efekty podpory vedy a vzdelávania  |b bakalárska práca  |c Andrej Dobrocký ; školiteľ: Miroslava Luchava Havettová 
264 1 |a Bratislava  |c 2013 
300 |a 54 s. 
100 1 |a Dobrocký, Andrej 
700 1 |a Havettová, Miroslava 
710 2 |a Národohospodárska fakulta EU. Katedra hospodárskej politiky